000 00742nam a2200241 4500
003 OSt
005 20240722072312.0
006 a
008 240722b |||||||| |||| 00| 0 eng d
020 _a9780736059992
040 _aDWCL-Main lib.
_cOC
082 _aCirc. 796.01 F328s 2008
100 _aFeltz, Deborah L.
245 _aSelf-efficacy in sport /
260 _aChampaign, Ill. :
_bHuman Kinetics,
_cc2008.
300 _ax,
_b405 p. : ill. ;
_c24 cm.
650 _a1. Sports-Psychological aspects.
650 _a2. Athletes-Psychological aspects.
650 _a3. Sports teams-Psychological aspects.
650 _a4. Coaching (Athletics)-Psychological aspects.
650 _a5. Success.
942 _2ddc
_n0
_cBK-CIRC
_kCirc.
999 _c2538
_d2538